Văn hóa cổ truyền Việt Nam : (Lịch, tết, tử vi và phong thủy)

Đã lưu trong:
书目详细资料
主要作者: Trần, Quốc Vượng
格式: 图书
语言:Undetermined
出版: Hà Nội Từ điển Bách khoa 2009
主题:
标签: 添加标签
没有标签, 成为第一个标记此记录!
Thư viện lưu trữ: Trung tâm Học liệu Trường Đại học Cần Thơ
LEADER 00695nam a2200217Ia 4500
001 CTU_149339
008 210402s9999 xx 000 0 und d
020 |c 45000 
082 |a 390.597 
082 |b V561 
100 |a Trần, Quốc Vượng 
245 0 |a Văn hóa cổ truyền Việt Nam : 
245 0 |b (Lịch, tết, tử vi và phong thủy) 
245 0 |c Trần Quốc Vượng 
260 |a Hà Nội 
260 |b Từ điển Bách khoa 
260 |c 2009 
650 |a Vietnamese New Year,Festivals,Tết cổ truyền Việt Nam 
650 |z Vietnam 
904 |i Năm 
980 |a Trung tâm Học liệu Trường Đại học Cần Thơ